[Event "21st European Teams"]
[Site "Hersonissos GRE"]
[Date "2017.11.06"]
[Round "9.6"]
[Board "3"]
[White "Stupak, Kirill"]
[Black "Sutovsky, Emil"]
[Result "1/2-1/2"]
[WhiteTitle "GM"]
[BlackTitle "GM"]
[WhiteElo "2578"]
[BlackElo "2683"]
[WhiteTeam "Belarus"]
[BlackTeam "Israel"]
[WhiteFideId "13503758"]
[BlackFideId "2802007"]
[EventDate "2017.10.28"]

1. d4 Nf6 2. c4 g6 3. Nf3 Bg7 4. g3 O-O 5. Bg2 d6 6. O-O Nbd7 7. Nc3 e5 8. h3 c6
9. e4 Qb6 10. dxe5 dxe5 11. Qc2 Qb4 12. b3 Qe7 13. Be3 Nh5 14. Rad1 f5 15. exf5
gxf5 16. Bg5 Qf7 17. Bc1 e4 18. Ne1 Nc5 19. Ba3 b6 20. Na4 Nxa4 21. Bxf8 Bxf8
22. bxa4 Be6 23. Qc1 Bc5 24. Qg5+ Qg6 25. Rd8+ Rxd8 26. Qxd8+ Kg7 27. Nc2 Nxg3
28. Re1 Nh5 29. Qc7+ Kh6 30. Ne3 f4 31. Ng4+ Bxg4 32. hxg4 f3 33. Bh3 e3 34.
fxe3 Qf6 35. Rd1 Bxe3+ 36. Kf1 Bf4 37. Qd8 Ng3+ 38. Kf2 Qb2+ 39. Kxf3 Qe2+ 40.
Kxf4 Qf2+ 41. Ke5 Qe2+ 42. Kf4 Qf2+ 43. Ke5 Qe2+ 44. Kf4 Qf2+ 45. Ke5 1/2-1/2

[Event "21st European Teams"]
[Site "Hersonissos GRE"]
[Date "2017.11.06"]
[Round "9.6"]
[Board "4"]
[White "Nabaty, Tamir"]
[Black "Fedorov, Alexei"]
[Result "1/2-1/2"]
[WhiteTitle "GM"]
[BlackTitle "GM"]
[WhiteElo "2661"]
[BlackElo "2582"]
[WhiteTeam "Israel"]
[BlackTeam "Belarus"]
[WhiteFideId "2809052"]
[BlackFideId "13500465"]
[EventDate "2017.10.28"]

1. d4 Nf6 2. Nf3 g6 3. Nbd2 Bg7 4. e4 d6 5. Bb5+ Nfd7 6. O-O a6 7. Bd3 c5 8. c3
Nc6 9. Nb3 b5 10. e5 dxe5 11. Be4 Qc7 12. dxe5 Bb7 13. e6 fxe6 14. Ng5 Nd8 15.
Qf3 Bxe4 16. Qxe4 Qb7 17. Qxb7 Nxb7 18. Nxe6 Be5 19. f4 Bd6 20. Be3 h6 21. f5
Kf7 22. Rae1 gxf5 23. Bc1 Ne5 24. Nf4 a5 25. Be3 Nc4 26. Nd2 Nxe3 27. Rxe3 Bxf4
28. Rxf4 e6 29. Nf3 Rad8 30. g4 Rd1+ 31. Kf2 Nd6 32. gxf5 exf5 33. b4 axb4 34.
cxb4 c4 35. Nd4 Ra8 36. Nxf5 Nxf5 37. Rxf5+ Kg6 38. Rxb5 Rxa2+ 39. Kf3 Rd3 1/2-1/2

[Event "21st European Teams"]
[Site "Hersonissos GRE"]
[Date "2017.11.06"]
[Round "9.7"]
[Board "1"]
[White "Lenic, Luka"]
[Black "Giri, Anish"]
[Result "1-0"]
[WhiteTitle "GM"]
[BlackTitle "GM"]
[WhiteElo "2650"]
[BlackElo "2762"]
[WhiteTeam "Slovenia"]
[BlackTeam "Netherlands"]
[WhiteFideId "14603853"]
[BlackFideId "24116068"]
[EventDate "2017.10.28"]

1. d4 d5 2. c4 c6 3. Nf3 Nf6 4. Nc3 e6 5. Bg5 h6 6. Bxf6 Qxf6 7. e3 g6 8. Be2
Bg7 9. O-O O-O 10. e4 dxc4 11. Bxc4 Qd8 12. e5 c5 13. dxc5 Nd7 14. Qe2 Nxc5 15.
Rfd1 Qe7 16. Nb5 Bd7 17. Nd6 a5 18. Qe3 b6 19. Nd4 Rad8 20. Rd2 f6 21. Nb3 fxe5
22. Nxc5 bxc5 23. Qxc5 Rf4 24. Qc7 Kf8 25. Qxa5 Rd4 26. Rxd4 exd4 27. Ne4 d3 28.
Rd1 Bc6 29. Nc5 Bd5 30. b3 Bd4 31. Nxd3 Be4 32. Qe1 Bf5 33. g3 Qa7 34. Qe2 Kg7
35. g4 Bxd3 36. Bxd3 Rf8 37. Rf1 e5 38. Kg2 Qb6 39. Be4 Rf7 40. Qd2 Rf4 41. f3
Rf7 42. Rb1 Be3 43. Qc3 Bf4 44. Qc6 Qxc6 45. Bxc6 Rc7 46. Be4 Rd7 47. Rb2 h5 48.
h4 Rd2+ 49. Rxd2 Bxd2 50. Kf2 Bb4 51. g5 Kf7 52. a4 Ba5 53. Ke2 Bb4 54. Kd3 Be1
55. Kc4 Bxh4 56. a5 Bxg5 57. a6 Be3 58. Kd5 h4 59. Bd3 h3 60. Bf1 h2 61. Bg2 Kf6
62. b4 Kf5 63. Kc6 Kf4 64. b5 Kg3 65. Bh1 Kf2 66. b6 Kg1 67. a7 Kxh1 68. a8=Q
Kg2 69. b7 h1=Q 70. b8=Q Bf4 71. Qc8 Qc1+ 72. Kd7 Qd2+ 73. Ke8 g5 74. Qg4+ Kf2
75. Qa1 1-0

[Event "21st European Teams"]
[Site "Hersonissos GRE"]
[Date "2017.11.06"]
[Round "9.7"]
[Board "2"]
[White "L'Ami, Erwin"]
[Black "Pavasovic, Dusko"]
[Result "1-0"]
[WhiteTitle "GM"]
[BlackTitle "GM"]
[WhiteElo "2611"]
[BlackElo "2548"]
[WhiteTeam "Netherlands"]
[BlackTeam "Slovenia"]
[WhiteFideId "1007998"]
[BlackFideId "14600986"]
[EventDate "2017.10.28"]

1. d4 d5 2. c4 e6 3. Nc3 c6 4. e4 dxe4 5. Nxe4 Bb4+ 6. Nc3 c5 7. a3 Ba5 8. Be3
Nf6 9. Ne2 cxd4 10. Qxd4 Qxd4 11. Nxd4 Ng4 12. Bd2 Bb6 13. Ndb5 O-O 14. Be2 Nf6
15. c5 Bd8 16. O-O Bd7 17. Rfd1 a6 18. Nd6 Bc6 19. b4 b6 20. cxb6 Bxb6 21. Bf4
Nbd7 22. Rac1 e5 23. Bg3 g6 24. Bc4 Bd4 25. Ne2 Ba4 26. Rd2 Bb6 27. Nc3 Bc6 28.
Nd1 Ba4 29. Nb2 Bb5 30. Bb3 Bd4 31. a4 Bxb2 32. Rxb2 Bd3 33. f3 Rab8 34. Rc6 g5
35. Ba2 Kg7 36. Rb3 Bg6 37. Rxa6 Nd5 38. Ra7 Nxb4 39. Rxd7 Nxa2 40. Bxe5+ Kg8
41. Nxf7 1-0

[Event "21st European Teams"]
[Site "Hersonissos GRE"]
[Date "2017.11.06"]
[Round "9.7"]
[Board "3"]
[White "Sebenik, Matej"]
[Black "Bok, Benjamin"]
[Result "1/2-1/2"]
[WhiteTitle "GM"]
[BlackTitle "GM"]
[WhiteElo "2534"]
[BlackElo "2611"]
[WhiteTeam "Slovenia"]
[BlackTeam "Netherlands"]
[WhiteFideId "14602296"]
[BlackFideId "1017063"]
[EventDate "2017.10.28"]

1. Nf3 d5 2. d4 Nf6 3. c4 e6 4. Nc3 c6 5. Bg5 h6 6. Bxf6 Qxf6 7. e3 g6 8. Be2
Bg7 9. O-O O-O 10. e4 dxc4 11. e5 Qe7 12. Bxc4 Nd7 13. Qe2 b5 14. Bd3 b4 15. Ne4
c5 16. Nd6 cxd4 17. Qe4 Rb8 18. Qxd4 Bb7 19. Nxb7 Rxb7 20. Rad1 Qc5 21. Qe4 Rbb8
22. Rfe1 Rfd8 23. h4 Qa5 24. Bc4 Rbc8 25. Rd6 Nc5 26. Qf4 Qc7 27. Red1 Nb7 28.
Rxd8+ Rxd8 29. Rxd8+ Nxd8 30. Bb5 Qc5 31. Qd2 Qxb5 32. Qxd8+ Bf8 33. b3 Qe2 34.
Qd2 Qe4 35. Kh2 Kg7 36. Qc1 Qe2 37. Qd2 Qe4 38. Qc1 Qe2 39. Qd2 Qe4 40. Qc1 1/2-1/2

[Event "21st European Teams"]
[Site "Hersonissos GRE"]
[Date "2017.11.06"]
[Round "9.7"]
[Board "4"]
[White "Van Foreest, Jorden"]
[Black "Skoberne, Jure"]
[Result "1-0"]
[WhiteTitle "GM"]
[BlackTitle "GM"]
[WhiteElo "2609"]
[BlackElo "2544"]
[WhiteTeam "Netherlands"]
[BlackTeam "Slovenia"]
[WhiteFideId "1039784"]
[BlackFideId "14604299"]
[EventDate "2017.10.28"]

1. e4 e6 2. d4 d5 3. Nc3 Nf6 4. e5 Nfd7 5. f4 c5 6. Nf3 Nc6 7. Be3 cxd4 8. Nxd4
Bc5 9. Qd2 O-O 10. O-O-O a6 11. Nb3 Bb4 12. g4 b5 13. Rg1 Na5 14. Bd3 Nc4 15.
Qe1 Nxe3 16. Qxe3 Qc7 17. Ne4 Be7 18. Ng3 f6 19. exf6 Nxf6 20. Ne2 Bd6 21. Rdf1
Bd7 22. Kb1 e5 23. fxe5 Bxe5 24. h3 Rae8 25. Qd2 Bc6 26. Nbd4 Bb7 27. Qg5 Bc8
28. Nf3 Ne4 29. Bxe4 dxe4 30. Nxe5 Rxf1+ 31. Rxf1 Rxe5 32. Qe3 h6 33. Ng3 Qc5
34. Qxc5 Rxc5 35. Re1 Bb7 36. Kc1 b4 37. Re3 Kh7 38. Kd2 Rd5+ 39. Ke2 Rc5 40. c3
Ra5 41. Kd2 Rxa2 42. Kc2 bxc3 43. Rxc3 Ra4 44. Rc7 Bd5 45. Kc3 Ra1 46. Re7 Rd1
47. Nh5 Rd3+ 48. Kb4 e3 49. Kc5 Bg2 50. Rxg7+ Kh8 51. Re7 Kg8 52. Nf4 Rd2 53. b4
Rc2+ 54. Kb6 Rc6+ 55. Ka5 Bf1 56. Rxe3 Bb5 57. Re6 Rxe6 58. Nxe6 Bf1 59. h4 Bh3
60. Kxa6 Bxg4 61. Nd4 Bh3 62. b5 Bf1 63. Ka5 Kf7 64. b6 Bg2 65. Kb5 Ke8 66. Nf5
Kd7 67. Nxh6 Bf3 68. Ka6 Kc8 69. Ka7 1-0

[Event "21st European Teams"]
[Site "Hersonissos GRE"]
[Date "2017.11.06"]
[Round "9.8"]
[Board "3"]
[White "Piorun, Kacper"]
[Black "Fressinet, Laurent"]
[Result "1-0"]
[WhiteTitle "GM"]
[BlackTitle "GM"]
[WhiteElo "2640"]
[BlackElo "2657"]
[WhiteTeam "Poland"]
[BlackTeam "France"]
[WhiteFideId "1130420"]
[BlackFideId "608742"]
[EventDate "2017.10.28"]

1. e4 e5 2. Nf3 Nc6 3. Bb5 a6 4. Ba4 Nf6 5. O-O Be7 6. Re1 b5 7. Bb3 O-O 8. a4
b4 9. d4 d6 10. dxe5 Nxe5 11. Nxe5 dxe5 12. Qf3 Bc5 13. Nd2 a5 14. Nf1 Ng4 15.
Ne3 Qh4 16. h3 Nh6 17. Nc4 Ra6 18. Be3 Bxe3 19. Rxe3 Re8 20. Rd1 Ng4 21. Red3
Rf8 22. hxg4 Bxg4 23. Qg3 Qxg3 24. fxg3 Bxd1 25. Rxd1 1-0

[Event "21st European Teams"]
[Site "Hersonissos GRE"]
[Date "2017.11.06"]
[Round "9.8"]
[Board "4"]
[White "Maze, Sebastien"]
[Black "Tomczak, Jacek"]
[Result "1/2-1/2"]
[WhiteTitle "GM"]
[BlackTitle "GM"]
[WhiteElo "2614"]
[BlackElo "2583"]
[WhiteTeam "France"]
[BlackTeam "Poland"]
[WhiteFideId "613762"]
[BlackFideId "1124668"]
[EventDate "2017.10.28"]

1. e4 e6 2. d4 d5 3. exd5 exd5 4. Nf3 Bg4 5. Bd3 Bd6 6. O-O Ne7 7. Nbd2 Qd7 8.
c3 Nbc6 9. Re1 f6 10. h3 Bf5 11. Bxf5 Qxf5 12. Nh4 Qd7 13. Qh5+ Kf8 14. Nf1 Re8
15. Ne3 Nd8 16. Bd2 Bf4 17. g3 Bxe3 18. Rxe3 Nf7 19. Rae1 Nd6 20. Kg2 Ne4 21. f3
Nxd2 22. Nf5 Ne4 23. fxe4 Ng8 24. Qf3 dxe4 25. Rxe4 Rxe4 26. Qxe4 g6 27. Ne3 c6
28. d5 Ne7 29. Qd4 Kg7 30. c4 cxd5 31. Nxd5 Nxd5 32. cxd5 1/2-1/2

[Event "21st European Teams"]
[Site "Hersonissos GRE"]
[Date "2017.11.06"]
[Round "9.9"]
[Board "1"]
[White "Ivanisevic, Ivan"]
[Black "Movsesian, Sergei"]
[Result "1/2-1/2"]
[WhiteTitle "GM"]
[BlackTitle "GM"]
[WhiteElo "2593"]
[BlackElo "2671"]
[WhiteTeam "Serbia"]
[BlackTeam "Armenia"]
[WhiteFideId "912417"]
[BlackFideId "310204"]
[EventDate "2017.10.28"]

1. d4 Nf6 2. c4 e6 3. Nc3 Bb4 4. Nf3 d5 5. Qb3 c5 6. dxc5 Na6 7. a3 Bxc3+ 8.
Qxc3 Nxc5 9. cxd5 Nce4 10. Qd4 Qxd5 11. Qxd5 Nxd5 12. Nd2 Nxd2 13. Bxd2 Bd7 14.
e4 Nb6 15. b3 e5 16. O-O-O O-O-O 17. Be2 Bc6 18. f3 f6 19. Kb2 Na8 20. Be3 Rxd1
21. Rxd1 a6 22. a4 Nc7 23. Ka3 Rd8 24. Rxd8+ Kxd8 25. Kb4 Ne6 26. Bc4 Bd7 27.
Ka5 Kc7 28. Bb6+ Kd6 29. b4 Nd4 30. b5 axb5 31. axb5 Ne6 32. Be3 Kc7 33. Bd5 Bc8
34. Bb6+ Kd6 35. g3 g5 36. Kb4 h5 37. h4 gxh4 38. gxh4 Nf4 39. Bc5+ Kc7 40. Bc4
b6 41. Be7 f5 42. Bf6 Kd6 43. Bd8 fxe4 44. fxe4 Bb7 45. Bxb6 Bxe4 46. Bd8 Bd3
47. Bf7 Ne6 48. Bf6 Nd4 49. Be8 Be2 50. b6 Nc6+ 51. Kc3 Bf3 52. Kd2 Na5 53. Bd8
Bg4 54. Bc7+ Kc5 55. Bf7 Kd4 56. Bd8 Bf3 57. Ke1 Nb7 58. Be7 Bg4 59. Kf2 Na5 60.
Bb4 Nb7 61. Bd2 Kc5 62. Be3+ Kc6 63. Be8+ Kd5 64. Bb5 Nd6 65. Bf1 Kc6 66. Bg2+
e4 67. Bf4 Nc4 68. Bxe4+ Kxb6 69. Kg3 Kc5 70. Bg5 Nd6 1/2-1/2

[Event "21st European Teams"]
[Site "Hersonissos GRE"]
[Date "2017.11.06"]
[Round "9.9"]
[Board "2"]
[White "Sargissian, Gabriel"]
[Black "Perunovic, Milos"]
[Result "1-0"]
[WhiteTitle "GM"]
[BlackTitle "GM"]
[WhiteElo "2657"]
[BlackElo "2608"]
[WhiteTeam "Armenia"]
[BlackTeam "Serbia"]
[WhiteFideId "13300881"]
[BlackFideId "921629"]
[EventDate "2017.10.28"]

1. Nf3 c5 2. c4 Nf6 3. Nc3 e6 4. d4 cxd4 5. Nxd4 Nc6 6. Bf4 d6 7. Nxc6 bxc6 8.
g3 e5 9. Bg5 Be6 10. Bg2 Rc8 11. Qa4 Qd7 12. Rd1 Be7 13. O-O O-O 14. Bxf6 gxf6
15. Rd2 f5 16. Rfd1 Qc7 17. Qc2 Bxc4 18. Bh3 Be6 19. Bxf5 Kg7 20. Qe4 Qd7 21.
Qxe5+ dxe5 22. Rxd7 Bxd7 23. Rxd7 Bc5 24. Ne4 Bb6 25. Rd1 Rfd8 26. Rc1 Rc7 27.
e3 Rd5 28. b3 Ba5 29. Rc4 Rd1+ 30. Kg2 h6 31. Bg4 Ra1 32. Ra4 Bb6 33. Nd6 Kf8
34. Nc4 Re7 35. Ra6 Kg7 36. a4 Rb7 37. Nxe5 Bc7 38. Nxc6 Rxb3 39. Rxa7 Bb6 40.
Rb7 Rb2 41. Ne5 1-0

[Event "21st European Teams"]
[Site "Hersonissos GRE"]
[Date "2017.11.06"]
[Round "9.9"]
[Board "3"]
[White "Indjic, Aleksandar"]
[Black "Melkumyan, Hrant"]
[Result "1/2-1/2"]
[WhiteTitle "GM"]
[BlackTitle "GM"]
[WhiteElo "2591"]
[BlackElo "2642"]
[WhiteTeam "Serbia"]
[BlackTeam "Armenia"]
[WhiteFideId "911925"]
[BlackFideId "13302485"]
[EventDate "2017.10.28"]

1. d4 Nf6 2. Nf3 g6 3. Bg5 Bg7 4. Nbd2 O-O 5. c3 d6 6. e3 h6 7. Bh4 c5 8. Bd3
cxd4 9. cxd4 Nc6 10. O-O e5 11. Bxf6 Bxf6 12. dxe5 dxe5 13. Be4 Be6 14. Bxc6
bxc6 15. Qc2 Qd5 16. Ne4 Bg7 17. Nc5 e4 18. Nd2 Rfb8 19. Rab1 Qxa2 20. Nxe6 Qxe6
21. Nxe4 Rxb2 22. Rxb2 Bxb2 23. Rd1 Bg7 24. Nc5 Qe5 25. g3 Qc3 26. Qxc3 Bxc3 27.
Na6 Ba5 28. Rc1 Rc8 29. Kf1 Kf8 30. Ke2 Ke7 31. Ra1 Bb6 32. Nb4 Kd6 33. Kd3 Kc7
34. Kc4 Re8 35. Nd3 Re4+ 36. Kc3 g5 37. h3 f5 38. Rh1 Kd6 39. h4 gxh4 40. gxh4
c5 41. Nb2 Kd5 42. Rd1+ Kc6 43. Nc4 Rxh4 44. Rd6+ Kb5 45. f4 Rh1 46. Kb3 Rb1+
47. Kc2 Rh1 48. Kb3 h5 49. Rh6 h4 50. Nd6+ Ka5 51. Nxf5 h3 52. Ng3 Rb1+ 53. Kc2
Rg1 54. Rxh3 Kb4 55. Ne2 Rg2 56. Kd1 c4 57. e4 a5 58. Nc3 Bc5 59. Nd5+ Kb5 60.
Nc3+ Kb4 61. Nd5+ Kb5 62. Nc3+ 1/2-1/2

[Event "21st European Teams"]
[Site "Hersonissos GRE"]
[Date "2017.11.06"]
[Round "9.9"]
[Board "4"]
[White "Gabuzyan, Hovhannes"]
[Black "Sedlak, Nikola"]
[Result "0-1"]
[WhiteTitle "GM"]
[BlackTitle "GM"]
[WhiteElo "2583"]
[BlackElo "2547"]
[WhiteTeam "Armenia"]
[BlackTeam "Serbia"]
[WhiteFideId "13303732"]
[BlackFideId "922900"]
[EventDate "2017.10.28"]

1. Nf3 d5 2. g3 Nc6 3. d4 Bf5 4. Bg2 Nb4 5. Na3 e6 6. c3 Nc6 7. Qb3 Rb8 8. Bf4
Bd6 9. Bxd6 cxd6 10. O-O Be4 11. Nb1 Nf6 12. Nbd2 O-O 13. Nxe4 dxe4 14. Nd2 d5
15. e3 b5 16. Rfc1 a6 17. a4 h5 18. axb5 axb5 19. Bf1 h4 20. Qd1 g6 21. Ra6 Qc8
22. Rca1 Kg7 23. g4 Nh7 24. f4 g5 25. fxg5 Nxg5 26. Qe1 Rh8 27. Qf2 Ne7 28. Kh1
Ng6 29. Nb3 b4 30. c4 dxc4 31. Nc5 Rb5 32. Bxc4 Rxc5 33. dxc5 Qxc5 34. R6a5 Qe7
35. Rf1 Nf3 36. Be2 Nfe5 37. g5 Qxg5 38. Rxe5 Qxe5 39. Qxf7+ Kh6 40. Rf6 Qg5 41.
Qxe6 Re8 42. Qb6 Rc8 43. Rf1 h3 44. Rg1 Rc1 0-1

[Event "21st European Teams"]
[Site "Hersonissos GRE"]
[Date "2017.11.06"]
[Round "9.10"]
[Board "1"]
[White "Ftacnik, Lubomir"]
[Black "Papaioannou, Ioannis"]
[Result "0-1"]
[WhiteTitle "GM"]
[BlackTitle "GM"]
[WhiteElo "2546"]
[BlackElo "2652"]
[WhiteTeam "Slovakia"]
[BlackTeam "Greece 1"]
[WhiteFideId "14900017"]
[BlackFideId "4201345"]
[EventDate "2017.10.28"]

1. d4 Nf6 2. Nf3 e6 3. c4 Bb4+ 4. Bd2 a5 5. g3 d6 6. Bg2 Nbd7 7. O-O e5 8. Nc3
O-O 9. Rc1 Re8 10. Bg5 exd4 11. Nxd4 h6 12. Be3 Rxe3 13. fxe3 Ne5 14. Nd5 Nxd5
15. cxd5 Bc5 16. Rc3 Bd7 17. Qc1 Qe7 18. Kh1 Re8 19. Nf5 Bxf5 20. Rxf5 b5 21. e4
b4 22. Rd3 g6 23. Rf1 h5 24. Qf4 Nxd3 25. exd3 Bd4 26. b3 Ra8 27. Bf3 Kg7 28.
Bd1 Rh8 29. h4 Rc8 30. Kg2 Bf6 31. Be2 Ra8 32. Bd1 Rc8 33. Be2 c6 34. Rc1 Qd7
35. dxc6 Rxc6 36. Rc4 Rxc4 37. dxc4 Qc6 38. Bf3 Qc5 39. Qd2 Qe5 40. Kh3 Kg8 41.
Kg2 Kf8 42. Qf2 Kg7 43. Qd2 Qa1 44. Bd1 Bc3 45. Qxd6 Bd4 46. Bf3 Qxa2+ 47. Kh3
Qf2 48. Bg2 a4 49. bxa4 b3 50. e5 Qf5+ 0-1

[Event "21st European Teams"]
[Site "Hersonissos GRE"]
[Date "2017.11.06"]
[Round "9.10"]
[Board "2"]
[White "Banikas, Hristos"]
[Black "Markos, Jan"]
[Result "0-1"]
[WhiteTitle "GM"]
[BlackTitle "GM"]
[WhiteElo "2584"]
[BlackElo "2559"]
[WhiteTeam "Greece 1"]
[BlackTeam "Slovakia"]
[WhiteFideId "4202031"]
[BlackFideId "14903474"]
[EventDate "2017.10.28"]

1. d4 Nf6 2. c4 c5 3. d5 b5 4. cxb5 a6 5. bxa6 g6 6. Nc3 Bg7 7. e4 O-O 8. Nf3
Qa5 9. Nd2 Bxa6 10. Be2 d6 11. O-O Bxe2 12. Qxe2 Nbd7 13. a4 Rfb8 14. Ra3 Nb6
15. Ndb1 Qa6 16. Qxa6 Rxa6 17. b3 c4 18. b4 Nxa4 19. b5 Nxc3 20. bxa6 Nxb1 21.
a7 Ra8 22. Ra6 Nd7 23. Be3 Nc3 24. Rc6 Nc5 25. Bxc5 dxc5 26. Rxc5 Ne2+ 27. Kh1
c3 28. Rc7 Bd4 29. Rxe7 c2 30. d6 Bxa7 31. Rc7 c1=Q 32. Rfxc1 Nxc1 33. d7 Rd8
34. Rxa7 Nd3 35. f3 Kf8 36. h4 h5 37. Kh2 Ke7 38. Kg3 Rxd7 39. Ra5 Rd4 40. Ra7+
Ke6 41. Ra6+ Rd6 42. Ra5 Rc6 43. Ra3 Nc1 44. Kf4 Ne2+ 45. Kg5 Nd4 46. Ra4 Nc2
47. Ra2 Ne3 48. Kf4 Nc4 49. Ra8 Rc5 50. Ra6+ Ke7 51. Ra7+ Kf6 52. Ra6+ Kg7 53.
Ra7 Ne5 54. Ra2 Nd7 55. Ra7 Nf8 56. Ra2 Ne6+ 57. Kg3 Kf6 58. Rb2 Ra5 59. Rd2 Ke5
60. Rd7 f6 61. Re7 Ra6 62. Rd7 Ra5 63. Re7 g5 64. Re8 Ra2 65. Rb8 gxh4+ 66. Kxh4
Rxg2 67. Kxh5 Rg3 68. Rb5+ Kd4 69. Rb3 Nf4+ 70. Kh6 Nd3 71. Rb6 Rxf3 72. Kg7 Ke5
73. Kf7 Nc5 74. Rb5 Kd4 75. Rb4+ Kc3 76. Rb1 Nxe4 77. Rd1 Rd3 78. Re1 Kd4 79.
Ke6 Rf3 80. Ra1 Ke3 81. Rh1 Ng5+ 82. Ke7 Ke4 83. Kf8 Kf5 84. Kg7 Ne4 85. Kf7 Ke5
86. Ra1 Rc3 87. Kg6 Rg3+ 88. Kh5 f5 89. Kh4 Rg8 90. Kh3 f4 91. Ra5+ Kd4 92. Ra4+
Kd3 93. Ra3+ Nc3 0-1

[Event "21st European Teams"]
[Site "Hersonissos GRE"]
[Date "2017.11.06"]
[Round "9.10"]
[Board "3"]
[White "Repka, Christopher"]
[Black "Mastrovasilis, Dimitrios"]
[Result "1-0"]
[WhiteTitle "IM"]
[BlackTitle "GM"]
[WhiteElo "2470"]
[BlackElo "2571"]
[WhiteTeam "Slovakia"]
[BlackTeam "Greece 1"]
[WhiteFideId "14918781"]
[BlackFideId "4202694"]
[EventDate "2017.10.28"]

1. d4 d5 2. c4 c6 3. Nf3 Nf6 4. Nbd2 Bf5 5. Nh4 Be6 6. e3 g6 7. Bd3 Bg7 8. O-O
O-O 9. b3 c5 10. Bb2 cxd4 11. exd4 Nc6 12. Nhf3 Bf5 13. Bxf5 gxf5 14. Ne5 Rc8
15. Rc1 e6 16. Nxc6 Rxc6 17. c5 Ne4 18. Nf3 b6 19. b4 bxc5 20. bxc5 Qa5 21. Qb3
Rcc8 22. Ba1 Rb8 23. Qc2 Rb4 24. Qe2 Qb5 25. Qe3 Rc8 26. Ne1 Bf6 27. Nc2 Ra4 28.
f3 Bg5 29. Qb3 Qxb3 30. axb3 Ra2 31. fxe4 Bxc1 32. Rxc1 fxe4 33. b4 f5 34. g3
Kf7 35. Bc3 a6 36. Kf2 h5 37. Ke3 Rg8 38. Kf4 Kf6 39. h3 Ke7 40. Be1 Kd7 41. b5
axb5 42. Nb4 Raa8 43. Ke5 h4 44. c6+ Kc7 45. Kxe6 Rae8+ 46. Kxd5 hxg3 47. Kc5 e3
48. Ra1 1-0

[Event "21st European Teams"]
[Site "Hersonissos GRE"]
[Date "2017.11.06"]
[Round "9.10"]
[Board "4"]
[White "Halkias, Stelios"]
[Black "Jurcik, Marian"]
[Result "1/2-1/2"]
[WhiteTitle "GM"]
[BlackTitle "GM"]
[WhiteElo "2583"]
[BlackElo "2479"]
[WhiteTeam "Greece 1"]
[BlackTeam "Slovakia"]
[WhiteFideId "4201809"]
[BlackFideId "14907518"]
[EventDate "2017.10.28"]

1. c4 e5 2. g3 Nf6 3. Bg2 d5 4. cxd5 Nxd5 5. Nf3 Nc6 6. O-O Nb6 7. b3 Bd6 8. Bb2
Qe7 9. d3 O-O 10. Nbd2 Bg4 11. Nc4 Rad8 12. Nxd6 cxd6 13. Qd2 Rfe8 14. Rfc1 d5
15. a4 Nd7 16. h3 Bf5 17. Ba3 Qf6 18. Bb2 Qe7 19. Rab1 h6 20. b4 Qxb4 21. Qxb4
Nxb4 22. Ba3 a5 23. Bxb4 axb4 24. Rxb4 b6 25. Rb5 Be6 26. Nd2 Ra8 27. Bxd5 Rxa4
28. Ne4 Ra5 29. Bxe6 Rxe6 30. Rc8+ Kh7 31. Rxa5 bxa5 32. Rc7 f5 33. Rxd7 fxe4
34. dxe4 Ra6 35. Kf1 a4 36. Ke1 a3 37. Rd1 g5 38. Ra1 Kg6 39. Kd2 h5 40. Kc3 g4
41. hxg4 hxg4 42. Ra2 Ra4 43. f3 Ra6 44. Kb4 Rb6+ 45. Ka4 Ra6+ 46. Kb4 Rb6+ 47.
Kxa3 Rf6 48. fxg4 Kg5 49. Kb3 Kxg4 50. Ra5 Kxg3 51. Rxe5 Kf4 52. Re7 Rc6 53. Kb4
Rc2 54. e5 Rxe2 55. Rf7+ Kg5 56. Re7 Kf5 57. Kc4 Rxe5 58. Rxe5+ Kxe5 1/2-1/2

[Event "21st European Teams"]
[Site "Hersonissos GRE"]
[Date "2017.11.06"]
[Round "9.11"]
[Board "1"]
[White "Nikolaidis, Ioannis"]
[Black "Navara, David"]
[Result "0-1"]
[WhiteTitle "GM"]
[BlackTitle "GM"]
[WhiteElo "2519"]
[BlackElo "2726"]
[WhiteTeam "Greece 2"]
[BlackTeam "Czech Republic"]
[WhiteFideId "4202139"]
[BlackFideId "309095"]
[EventDate "2017.10.28"]

1. Nf3 f5 2. d4 Nf6 3. Bg5 e6 4. Nbd2 Be7 5. e3 b6 6. Bd3 O-O 7. Qe2 c5 8. c3
Nc6 9. O-O Bb7 10. Ba6 Bxa6 11. Qxa6 Ne4 12. Bxe7 Qxe7 13. Nxe4 fxe4 14. Ne5 Nd8
15. Qe2 d6 16. Nc4 Nf7 17. Nd2 d5 18. f3 exf3 19. Nxf3 Nd6 20. Ne5 Qg5 21. g3
Ne4 22. Kg2 Rac8 23. Rxf8+ Rxf8 24. Rf1 Qe7 25. Rxf8+ Qxf8 26. Qf3 h6 27. h4 Qe8
28. Qf4 c4 29. g4 g5 30. hxg5 hxg5 31. Qf1 Kg7 32. Kg1 a5 33. Qf3 Nf6 34. Qd1
Qh8 35. Qc2 Qh6 36. Kg2 b5 37. a3 Ne4 38. Qe2 Qh4 39. Qf3 Nf6 40. Qg3 Qh7 41.
Qf2 Qe4+ 42. Kg1 Qb1+ 43. Kg2 Qh7 44. Qf3 Qb1 45. Qf2 Qd1 46. Qf3 Qc1 47. Qf2 a4
48. Kh2 b4 49. cxb4 c3 50. bxc3 Qxa3 51. Qe2 Qxc3 52. Qa6 Qc2+ 53. Kg1 Qd1+ 54.
Kg2 Nxg4 55. Qxe6 Nxe3+ 56. Kf2 Qd2+ 57. Kf3 g4+ 58. Kf4 Qf2+ 59. Kg5 Qf5+ 60.
Qxf5 Nxf5 0-1

[Event "21st European Teams"]
[Site "Hersonissos GRE"]
[Date "2017.11.06"]
[Round "9.11"]
[Board "2"]
[White "Laznicka, Viktor"]
[Black "Kelires, Andreas"]
[Result "0-1"]
[WhiteTitle "GM"]
[BlackTitle "GM"]
[WhiteElo "2654"]
[BlackElo "2510"]
[WhiteTeam "Czech Republic"]
[BlackTeam "Greece 2"]
[WhiteFideId "316385"]
[BlackFideId "5900727"]
[EventDate "2017.10.28"]

1. d4 Nf6 2. c4 e6 3. Nc3 Bb4 4. e3 O-O 5. Bd3 c5 6. Ne2 cxd4 7. exd4 d5 8. cxd5
Nxd5 9. O-O Nc6 10. Qc2 g6 11. a3 Be7 12. Bh6 Re8 13. Nxd5 exd5 14. Rfe1 Bf6 15.
Qd2 Bg4 16. f3 Bd7 17. Bb5 Nxd4 18. Nxd4 Bxb5 19. Rxe8+ Bxe8 20. Re1 Bd7 21. Bf4
Qf8 22. Be5 Be7 23. Nc2 Be6 24. Bc3 Re8 25. Kh1 Bc5 26. Qg5 h6 27. Qf6 Kh7 28.
Nb4 Be7 29. Qd4 Bc5 30. Qf6 Be7 31. Qd4 Bc5 32. Qf4 Bd6 33. Qd2 Rd8 34. Bd4 a6
35. Nd3 Re8 36. Bc3 Bf5 37. Rxe8 Qxe8 38. Nb4 Qb5 39. Qd1 Be6 40. Nc2 Qc4 41.
Bd4 Qc7 42. Bc3 Qc4 43. Bd4 Qc6 44. Bc3 Qc4 45. Bd4 Qa4 46. Qd2 Qb5 47. Qd1 b6
48. h3 a5 49. Ne3 Qc6 50. Bc3 Bc5 51. Nc2 Qc7 52. b4 Bg1 53. Be5 Qxe5 54. Kxg1
Qc3 55. bxa5 bxa5 56. g4 d4 57. Nxd4 Qxa3 58. Nxe6 Qe3+ 59. Kg2 Qxe6 60. Qa4 Qd5
61. h4 h5 62. gxh5 Qxh5 63. Kg3 Qe5+ 64. Kh3 Qe1 65. Kg2 Qb4 66. Qd7 Qf4 67. h5
gxh5 68. Qd3+ Kg7 69. Qc3+ f6 70. Qc6 h4 71. Qd7+ Kh6 72. Qd8 Qg3+ 73. Kh1 Qxf3+
74. Kh2 Qg3+ 75. Kh1 Qe5 76. Qh8+ Kg5 77. Qg7+ Kf4 78. Qh6+ Qg5 79. Qf8 Qd5+ 80.
Kh2 Qe5 81. Kh3 Qe6+ 82. Kh2 Kf3 83. Qa8+ Qe4 84. Qg8 Kf4 85. Qd8 Qe2+ 86. Kh1
Qe5 87. Qd2+ Kf5 88. Qf2+ Qf4 89. Qc5+ Qe5 90. Qf2+ Kg5 91. Qd2+ Kg6 92. Qd3+
Qf5 93. Qc4 Kg5 94. Qc1+ Kh5 95. Qd1+ Kg6 96. Qg1+ Qg5 97. Qb1+ Kh6 98. Qb3 Qc1+
99. Kg2 Qd2+ 100. Kf3 Qg5 0-1